ISRN veterinary science

Detalles Bibliográficos
Nuevo Título:International scholarly research notices
Autor Corporativo: International Scholarly Research Network
Formato: Electrónico Revista
Lenguaje:inglés
Publicado: Cairo : Hindawi Pub. Corp, 2011-
Materias:
Acceso en línea:Full text available from Research Library: 01/01/2011 to 01/31/2014

MARC

LEADER 00000nas a2200000 a 4500
001 ssj0000502672
003 WaSeSS
005 20200512172242.0
006 m d
007 cr n
008 110831d20112014ua uu p s 0 0eng c
010 |a  2012242202 
016 7 |a 101568322  |2 DNLM 
022 |a 2090-4460  |l 2090-4452 
035 |a (WaSeSS)ssj0000502672 
040 |a QE2  |b eng  |c QE2  |d OCLCQ  |d MYG  |d NLM  |d CUS  |d PFM  |d OCLCF  |d NLM  |d OCLCO  |d OCLCQ  |d OCLCO  |d CUS  |d AU@  |d OCLCO  |d OCLCA  |d WaSeSS 
042 |a pcc 
050 1 4 |a SF604 
060 1 0 |a W1 
210 1 0 |a ISRN Vet Sci  |2 dnlm 
245 0 0 |a ISRN veterinary science  |h [electronic resource]. 
246 3 0 |a Veterinary science 
246 1 |a International Scholarly Research Network veterinary science 
260 |a Cairo :  |b Hindawi Pub. Corp,  |c 2011- 
362 1 |a Began in 2011; ceased in 2014. 
506 |a License restrictions may limit access. 
515 |a Articles added as received to volume in progress. 
588 |a Description based on: 2011; title from journal website (viewed Dec. 14, 2012). 
588 |a Latest issue consulted: Vol. 2013 (viewed May 10, 2013). 
650 0 |a Veterinary medicine  |v Periodicals. 
650 1 2 |a Veterinary Medicine. 
650 7 |a Veterinary medicine.  |2 fast  |0 (OCoLC)fst01165977 
655 0 |a Electronic journals. 
710 2 |a International Scholarly Research Network. 
776 0 8 |i Print version:  |t ISRN veterinary science  |x 2090-4452 
785 0 0 |t International scholarly research notices  |x 2356-7872  |w (DLC) 2014222076  |w (OCoLC)888051655 
856 4 0 |z Full text available from Research Library: 01/01/2011 to 01/31/2014  |u https://search.proquest.com/publication/686320